El latido del subsuelo : consensos y resistencias desde Vaca Muerta hasta el mar Argentino /

Uloženo v:
Podrobná bibliografie
Hlavní autor: Wyczykier, Gabriela (autora.)
Další autoři: Acacio, Juan Antonio (autor.)
Médium: E-kniha
Jazyk:španělština
Vydáno: Buenos Aires : Prometeo editorial, 2025.
Témata:
On-line přístup:https://elibro.unach.elogim.com/es/lc/unach/titulos/289653
Tagy: Přidat tag
Žádné tagy, Buďte první, kdo vytvoří štítek k tomuto záznamu!

MARC

LEADER 00000nam a2200000 i 4500
001 ELB289653
003 FINmELB
005 20251221200015.0
006 m o d |
007 cr cnu||||||||
008 251125s2025 ag ob 001 0 spa d
020 |a 9786316683540  |q (print) 
035 |a (OCoLC)1564683302 
040 |a FINmELB  |b spa  |e rda  |c FINmELB 
050 4 |a HD9574.A72  |b W977 2025 
080 |a 622.276(82) 
082 0 4 |a 338.272820982  |2 23 
100 1 |a Wyczykier, Gabriela,  |e autora. 
245 1 3 |a El latido del subsuelo :  |b consensos y resistencias desde Vaca Muerta hasta el mar Argentino /  |c Gabriela Wyczykier y Juan Antonio Acacio. 
264 1 |a Buenos Aires :  |b Prometeo editorial,  |c 2025. 
300 |a 1 recurso en línea (308 páginas) 
336 |a texto  |b txt  |2 rdacontent/spa 
337 |a computadora  |b c  |2 rdamedia/spa 
338 |a recurso en línea  |b cr  |2 rdacarrier/spa 
500 |a Incluye índice. 
504 |a Incluye bibliografía. 
588 |a Descripción basada en metadatos suministrados por el editor y otras fuentes. 
590 |a Recurso electrónico. Santa Fe, Arg.: elibro, 2025. Disponible vía World Wide Web. El acceso puede estar limitado para las bibliotecas afiliadas a elibro. 
650 4 |a Economía  |z Argentina. 
650 4 |a Industria petrolera. 
650 4 |a Industria petrolera  |z Argentina. 
650 4 |a Petróleo  |x Extracción  |z Argentina. 
651 4 |a Argentina  |x Economía. 
651 4 |a Argentina  |x Industria petrolera. 
655 4 |a Libros electrónicos. 
700 1 |a Acacio, Juan Antonio,  |e autor. 
797 2 |a elibro, Corp. 
856 4 0 |u https://elibro.unach.elogim.com/es/lc/unach/titulos/289653